| 000 | 00743nam a2200205 i 4500 | ||
|---|---|---|---|
| 001 | 26011 | ||
| 003 | ES-MaACL | ||
| 005 | 20250702063037.0 | ||
| 007 | t| | ||
| 008 | 030107s1919 sp ||||1| spa d | ||
| 100 | 1 |
_aArenas López, Anselmo, _d1844-1928 _922607 |
|
| 245 | 1 | 0 |
_aSebastián de Ercávica, primer cronista de la reconquista cristiana / _cAnselmo Arenas López. |
| 260 |
_aValencia : _b[s.n.], _c1919. |
||
| 300 |
_a72 p., [6] p. ; _c24 cm. |
||
| 490 | 1 |
_aReivindicaciones históricas ; _v4 |
|
| 594 | _aPrecede al tít.: Anales del Instituto General y Técnico de Valencia. | ||
| 830 | 0 |
_aReivindicaciones históricas ; _v4 _9181017 |
|
| 852 |
_aES-MaACL _j1585-F-10 _z.- Ded. ms. del autor |
||
| 999 |
_c26011 _d26011 |
||